[Event "Zagreb Hulak Memorial op 3rd"]
[Site "Zagreb"]
[Date "2018.12.02"]
[Round "3"]
[White "Plenca, Jadranko"]
[Black "Muskardin, Mario"]
[Result "1-0"]
[WhiteElo "2475"]
[BlackElo "2280"]
[PlyCount "39"]
[EventDate "2018.12.01"]
[EventType "swiss"]
[EventRounds "9"]
[EventCountry "CRO"]
[SourceTitle "CBM 187 Extra"]
[Source "ChessBase"]
[SourceDate "2018.11.04"]
[SourceVersion "1"]
[SourceVersionDate "2018.11.04"]
[SourceQuality "1"]

1. e4 d6 2. Nc3 Nf6 3. d4 e5 4. Nf3 Nbd7 5. a4 Be7 6. Bc4 0-0 7. 0-0 c6 8. h3 a5 9. Ba2 exd4 10. Nxd4 Nc5 11. Qf3 Be6 12. Be3 Bxa2 13. Rxa2 d5 14. exd5 cxd5 15. Nf5 Na6 16. Bh6 Ne8 17. Nxd5 Bg5 18. Bxg5 Qxg5 19. Rd1 Nec7 20. h4 1-0

[Event "CRO Cup"]
[Site "Mali Losinj"]
[Date "2018.05.16"]
[Round "1.91"]
[White "Muskardin, Mario"]
[Black "Biti, Ozren"]
[Result "1-0"]
[WhiteElo "2266"]
[BlackElo "2362"]
[PlyCount "89"]
[EventDate "2018.05.16"]
[EventType "team-swiss"]
[EventRounds "6"]
[EventCountry "CRO"]
[SourceTitle "CBM 184 Extra"]
[Source "ChessBase"]
[SourceDate "2018.06.28"]
[SourceVersion "1"]
[SourceVersionDate "2018.06.28"]
[SourceQuality "1"]
[WhiteTeam "Mali Losinj"]
[BlackTeam "Djakovo"]
[WhiteTeamCountry "CRO"]
[BlackTeamCountry "CRO"]

1. Nf3 d6 2. c4 e5 3. Nc3 f5 4. g3 Nf6 5. Bg2 Be7 6. 0-0 0-0 7. d4 e4 8. Ne1 c6 9. b4 Na6 10. Nc2 Nc7 11. a4 Be6 12. Na3 d5 13. c5 Nh5 14. e3 Qe8 15. f4 exf3 16. Bxf3 Nf6 17. Rb1 Qd7 18. b5 Ne4 19. Qd3 Ne8 20. Ne2 g5 21. Nc2 N8f6 22. Ba3 Bd8 23. Rb2 Bc7 24. Rfb1 f4 25. bxc6 bxc6 26. exf4 gxf4 27. Rb7 fxg3 28. hxg3 Qg7 29. Bg2 Rf7 30. Nf4 Bc8 31. R7b3 Kh8 32. Rf1 a5 33. Rf3 Ba6 34. Qd1 Re8 35. Bc1 Bc8 36. Ne3 Rg8 37. Qe1 Nxg3 38. Nexd5 Nxd5 39. Rxg3 Qxd4+ 40. Kh1 Nxf4 41. Bb2 Qxb2 42. Rxg8+ Kxg8 43. Rxb2 Bd7 44. Rb7 Nd3 45. Qh4 1-0

[Event "CRO-chT2 West"]
[Site "Croatia"]
[Date "2017.03.26"]
[Round "2.1"]
[White "Muskardin, Mario"]
[Black "Crepan, Marjan"]
[Result "1-0"]
[WhiteElo "2230"]
[BlackElo "2311"]
[PlyCount "77"]
[EventDate "2017.03.25"]
[EventType "team-tourn"]
[EventRounds "9"]
[EventCountry "CRO"]
[SourceTitle "EXT 2020"]
[Source "ChessBase"]
[SourceDate "2019.10.17"]
[SourceVersion "1"]
[SourceVersionDate "2019.10.17"]
[SourceQuality "1"]

1. Nf3 d5 2. c4 c6 3. d4 Nf6 4. e3 Bf5 5. Bd3 Bxd3 6. Qxd3 e6 7. 0-0 Nbd7 8. b3 Be7 9. Nbd2 0-0 10. Bb2 a5 11. a3 Qb8 12. e4 dxe4 13. Nxe4 Rd8 14. Rad1 Qc7 15. Rfe1 Nxe4 16. Qxe4 Bf6 17. Bc1 Nf8 18. Rd3 a4 19. b4 b5 20. Bf4 Qb6 21. Rc1 Ng6 22. Be3 bxc4 23. Rxc4 Rd5 24. g4 h6 25. Rdc3 Ne7 26. h4 g5 27. hxg5 hxg5 28. Rc5 Rad8 29. Bxg5 Bxg5 30. Nxg5 Ng6 31. Nxf7 Kxf7 32. Rxc6 Qxc6 33. Rxc6 Nf8 34. Qf4+ Ke7 35. g5 Rf5 36. Rxe6+ Nxe6 37. Qxf5 Rxd4 38. Qf6+ Kd6 39. g6 1-0

[Event "Pula op 30th"]
[Site "Pula"]
[Date "2016.09.16"]
[Round "8"]
[White "Muskardin, Mario"]
[Black "Murko, David"]
[Result "0-1"]
[WhiteElo "2280"]
[BlackElo "2103"]
[PlyCount "68"]
[EventDate "2016.09.10"]
[EventType "swiss"]
[EventRounds "9"]
[EventCountry "CRO"]
[SourceTitle "CBM 174 Extra"]
[Source "ChessBase"]
[SourceDate "2016.10.10"]
[SourceVersion "1"]
[SourceVersionDate "2016.10.10"]
[SourceQuality "1"]

1. Nf3 d5 2. d4 Nf6 3. Bf4 c5 4. e3 Nc6 5. c3 Qb6 6. Qb3 c4 7. Qc2 Bf5 8. Qc1 e6 9. Be2 h6 10. 0-0 Be7 11. Nbd2 0-0 12. Re1 Qd8 13. Bd1 b5 14. Bc2 Bxc2 15. Qxc2 Bd6 16. Bg3 Bxg3 17. hxg3 Qc7 18. e4 b4 19. exd5 exd5 20. Ne5 bxc3 21. Qxc3 Rfe8 22. b3 Nxe5 23. dxe5 Ng4 24. bxc4 Nxe5 25. c5 Rac8 26. Qd4 Nc6 27. Qg4 Re7 28. Rxe7 Nxe7 29. Rc1 Qa5 30. Nb3 Qxa2 31. Nd4 Qa3 32. Re1 Rxc5 33. Re3 Rc1+ 34. Kh2 Qa1 0-1

[Event "CRO-chT3W"]
[Site "Croatia"]
[Date "2016.03.06"]
[Round "3.1"]
[White "Glavas, Loris"]
[Black "Muskardin, Mario"]
[Result "1/2-1/2"]
[WhiteElo "2096"]
[BlackElo "2272"]
[PlyCount "61"]
[EventDate "2016.03.05"]
[EventType "team-tourn"]
[EventRounds "9"]
[EventCountry "CRO"]
[SourceTitle "CBM 171 Extra"]
[Source "ChessBase"]
[SourceDate "2016.04.26"]
[SourceVersion "1"]
[SourceVersionDate "2016.04.26"]
[SourceQuality "1"]
[WhiteTeam "Pula II"]
[BlackTeam "Mali Los¡inj"]
[WhiteTeamCountry "CRO"]
[BlackTeamCountry "CRO"]

1. e4 d6 2. d4 Nf6 3. Bd3 g6 4. Nf3 Bg7 5. 0-0 0-0 6. c3 Re8 7. Re1 e5 8. Nbd2 c6 9. b3 Qc7 10. Bb2 Nbd7 11. Qc2 b6 12. Rad1 Bb7 13. a4 a6 14. Bf1 Rad8 15. b4 Rc8 16. dxe5 Nxe5 17. Nxe5 dxe5 18. c4 c5 19. b5 Rcd8 20. f3 Re7 21. Nb1 Ne8 22. Rxd8 Qxd8 23. Rd1 Rd7 24. Rxd7 Qxd7 25. Qd3 Qxd3 26. Bxd3 Nd6 27. Nc3 Kf8 28. Nd5 Bxd5 29. exd5 axb5 30. axb5 Ke7 31. Be2 1/2-1/2

[Event "Mediterranean op 8th"]
[Site "Rijeka"]
[Date "2015.12.11"]
[Round "8"]
[White "Muskardin, Mario"]
[Black "Doric, Nenad"]
[Result "0-1"]
[WhiteElo "2291"]
[BlackElo "2273"]
[PlyCount "36"]
[EventDate "2015.12.05"]
[EventType "swiss"]
[EventRounds "9"]
[EventCountry "CRO"]
[SourceTitle "CBM 169 Extra"]
[Source "ChessBase"]
[SourceDate "2015.12.18"]
[SourceVersion "1"]
[SourceVersionDate "2015.12.18"]
[SourceQuality "1"]

1. e4 c5 2. Nf3 Nc6 3. d4 cxd4 4. Nxd4 Nf6 5. Nc3 e5 6. Ndb5 d6 7. Bg5 a6 8. Na3 b5 9. Nd5 Be7 10. Bxf6 Bxf6 11. c3 0-0 12. g3 Bg5 13. Bg2 Ne7 14. 0-0 Nxd5 15. Qxd5 Be6 16. Qc6 Qb8 17. f4 Be7 18. f5 Rc8 0-1

[Event "Mediterranean op 8th"]
[Site "Rijeka"]
[Date "2015.12.08"]
[Round "5"]
[White "Muskardin, Mario"]
[Black "Stocko, Josip"]
[Result "1/2-1/2"]
[WhiteElo "2291"]
[BlackElo "2304"]
[PlyCount "76"]
[EventDate "2015.12.05"]
[EventType "swiss"]
[EventRounds "9"]
[EventCountry "CRO"]
[SourceTitle "CBM 169 Extra"]
[Source "ChessBase"]
[SourceDate "2015.12.18"]
[SourceVersion "1"]
[SourceVersionDate "2015.12.18"]
[SourceQuality "1"]

1. e4 c5 2. Ne2 Nf6 3. Nbc3 d6 4. g3 g6 5. Bg2 Bg7 6. 0-0 Nc6 7. d3 0-0 8. h3 Nd7 9. f4 Rb8 10. Be3 Nd4 11. g4 b5 12. Qd2 a5 13. f5 b4 14. Nd1 Nxe2+ 15. Qxe2 Ba6 16. Rb1 Ne5 17. b3 Nc6 18. h4 Nd4 19. Qd2 e6 20. Bg5 f6 21. Be3 gxf5 22. gxf5 exf5 23. Bxd4 cxd4 24. Rxf5 Bc8 25. Bh3 Bxf5 26. Bxf5 Kh8 27. Kh1 Rb5 28. Qf4 Qe8 29. Nf2 Qh5 30. Rg1 Bh6 31. Qg3 Bg5 32. Qxd6 Rg8 33. Rxg5 fxg5 34. Qf6+ Rg7 35. Qd8+ Rg8 36. Qxd4+ Rg7 37. Qd8+ Rg8 38. Qf6+ Rg7 1/2-1/2

[Event "Mediterranean op 8th"]
[Site "Rijeka"]
[Date "2015.12.06"]
[Round "3"]
[White "Muskardin, Mario"]
[Black "Beletic, Daniel"]
[Result "1/2-1/2"]
[WhiteElo "2291"]
[BlackElo "2292"]
[PlyCount "52"]
[EventDate "2015.12.05"]
[EventType "swiss"]
[EventRounds "9"]
[EventCountry "CRO"]
[SourceTitle "CBM 169 Extra"]
[Source "ChessBase"]
[SourceDate "2015.12.18"]
[SourceVersion "1"]
[SourceVersionDate "2015.12.18"]
[SourceQuality "1"]

1. e4 c5 2. Ne2 Nc6 3. g3 g6 4. Bg2 Bg7 5. c3 e5 6. d3 Nge7 7. Be3 d6 8. 0-0 0-0 9. d4 exd4 10. cxd4 b6 11. Nbc3 Ba6 12. Re1 Nb4 13. Qd2 Nec6 14. Red1 Nd3 15. Bf1 cxd4 16. Nxd4 Nxd4 17. Bxd4 Bxd4 18. Bxd3 Bxd3 19. Qxd3 Bxc3 20. Qxc3 Re8 21. Rd4 Re6 22. Rad1 Qe7 23. Qd3 Re8 24. f3 Rc8 25. b3 h5 26. Kg2 Rd8 1/2-1/2

[Event "Mediterranean op 8th"]
[Site "Rijeka"]
[Date "2015.12.05"]
[Round "1"]
[White "Muskardin, Mario"]
[Black "Dasic, Jelena"]
[Result "1-0"]
[WhiteElo "2291"]
[BlackElo "1802"]
[PlyCount "57"]
[EventDate "2015.12.05"]
[EventType "swiss"]
[EventRounds "9"]
[EventCountry "CRO"]
[SourceTitle "CBM 169 Extra"]
[Source "ChessBase"]
[SourceDate "2015.12.18"]
[SourceVersion "1"]
[SourceVersionDate "2015.12.18"]
[SourceQuality "1"]

1. Nf3 Nf6 2. c4 e6 3. g3 Be7 4. Bg2 0-0 5. 0-0 d5 6. d4 c6 7. Nbd2 Nbd7 8. b3 b6 9. Qc2 Bb7 10. e4 dxe4 11. Nxe4 c5 12. Nc3 cxd4 13. Nxd4 Bxg2 14. Kxg2 Qc7 15. Bf4 Qb7+ 16. Kg1 e5 17. Nf5 Bc5 18. Bg5 Qf3 19. Rad1 Qg4 20. Bxf6 Nxf6 21. Nd5 Nh5 22. b4 Bd4 23. Kg2 Kh8 24. h3 Qg6 25. Nxd4 exd4 26. Qxg6 hxg6 27. Rxd4 Nf6 28. Rh4+ Kg8 29. Ne7# 1-0

[Event "CRO-chT1B 24th"]
[Site "Bol"]
[Date "2015.10.11"]
[Round "9.25"]
[White "Muskardin, Mario"]
[Black "Vlaic, Branko"]
[Result "1-0"]
[WhiteElo "2278"]
[BlackElo "2223"]
[PlyCount "77"]
[EventDate "2015.10.03"]
[EventType "team-tourn"]
[EventRounds "9"]
[EventCountry "CRO"]
[SourceTitle "CBM 168 Extra"]
[Source "ChessBase"]
[SourceDate "2015.10.29"]
[SourceVersion "1"]
[SourceVersionDate "2015.10.29"]
[SourceQuality "1"]
[WhiteTeam "Koprivnica Podravka"]
[BlackTeam "Sibenik"]
[WhiteTeamCountry "CRO"]
[BlackTeamCountry "CRO"]

1. Nf3 b6 2. c4 Bb7 3. d4 e6 4. Nc3 Bb4 5. Bg5 f6 6. Bh4 Ne7 7. e3 Nf5 8. Bg3 0-0 9. Bd3 Bxc3+ 10. bxc3 Nxg3 11. hxg3 f5 12. Qc2 Qf6 13. e4 g6 14. 0-0-0 d6 15. Rh6 Nd7 16. Rdh1 Rf7 17. Kb2 Bxe4 18. Bxe4 fxe4 19. Qxe4 Rb8 20. R1h4 b5 21. Rf4 bxc4+ 22. Kc1 Nc5 23. Rxf6 Nxe4 24. Rxf7 Kxf7 25. Rxh7+ Kf6 26. Rxc7 Nxc3 27. Rxc4 Nxa2+ 28. Kc2 Nb4+ 29. Kd2 a5 30. Rc3 Nd5 31. Ra3 Rb2+ 32. Ke1 Rb1+ 33. Kd2 Nb6 34. Ra2 a4 35. Kc2 Rf1 36. Kd3 g5 37. Nd2 Rd1 38. Ke2 Rb1 39. Nxb1 1-0

[Event "CRO-chT U20 24th"]
[Site "Sv Filip i Jakov"]
[Date "2015.04.04"]
[Round "11.6"]
[White "Radenic, Filip"]
[Black "Muskardin, Mario"]
[Result "1/2-1/2"]
[WhiteElo "1824"]
[BlackElo "2294"]
[PlyCount "61"]
[EventDate "2015.03.30"]
[EventType "team-tourn"]
[EventRounds "11"]
[EventCountry "CRO"]
[SourceTitle "CBM 165 Extra"]
[Source "ChessBase"]
[SourceDate "2015.04.21"]
[SourceVersion "1"]
[SourceVersionDate "2015.04.21"]
[SourceQuality "1"]

1. c4 e5 2. Nc3 Nf6 3. g3 d5 4. cxd5 Nxd5 5. Bg2 Nb6 6. Nf3 Nc6 7. 0-0 Be7 8. d3 0-0 9. Be3 Be6 10. Rc1 f6 11. a3 Qd7 12. Re1 Kh8 13. Na4 Nd4 14. Nxb6 axb6 15. Nxd4 exd4 16. Bf4 c5 17. Qc2 b5 18. Bd2 c4 19. Red1 Bf5 20. Be4 Bxe4 21. dxe4 Rfd8 22. Be3 d3 23. exd3 cxd3 24. Qc7 b4 25. Qxd7 Rxd7 26. axb4 Bxb4 27. Rc4 Bf8 28. Rd4 Rxd4 29. Bxd4 Rd8 30. Be3 Kg8 31. Kg2 1/2-1/2

[Event "CRO-chT U20 24th"]
[Site "Sv Filip i Jakov"]
[Date "2015.04.03"]
[Round "9.5"]
[White "Muha, Miljenko"]
[Black "Muskardin, Mario"]
[Result "1/2-1/2"]
[WhiteElo "2065"]
[BlackElo "2294"]
[PlyCount "71"]
[EventDate "2015.03.30"]
[EventType "team-tourn"]
[EventRounds "11"]
[EventCountry "CRO"]
[SourceTitle "CBM 165 Extra"]
[Source "ChessBase"]
[SourceDate "2015.04.21"]
[SourceVersion "1"]
[SourceVersionDate "2015.04.21"]
[SourceQuality "1"]

1. d4 d6 2. e4 Nf6 3. f3 e5 4. dxe5 dxe5 5. Qxd8+ Kxd8 6. Bc4 Be6 7. Bxe6 fxe6 8. Be3 Nbd7 9. Nd2 c6 10. Nh3 Bd6 11. Nf2 Ke7 12. Nd3 a6 13. 0-0-0 Rhc8 14. Bf2 b5 15. c4 c5 16. Kb1 Nb6 17. Rc1 Nfd7 18. Rc2 Rc7 19. Rhc1 Rac8 20. g3 g5 21. Be3 h6 22. h4 Kf6 23. Rh1 Kg6 24. f4 g4 25. Rf1 Kh7 26. f5 exf5 27. Rxf5 Rf8 28. Rxf8 Bxf8 29. b3 Bd6 30. Rc1 Kg6 31. Kb2 b4 32. Rf1 Nc8 33. Rf2 Ne7 34. Kc2 Nc6 35. Rf5 Ne7 36. Rf2 1/2-1/2